000 00429nam a2200169Ia 4500
005 20250506111222.0
008 231207s9999 xx 000 0 und d
020 _a9780820319803
040 _cPK-LaNCA
082 _aMPH 304.2
_bSHE
100 _aShepard, Paul
245 0 _aNature and madness
260 _bUniversity of Georgia Press
_aGeorgia
_c1982
300 _axxii, 178p
650 _aHuman ecology
942 _cM.PHIL.
999 _c25819
_d25819